Central Library OPAC University of Rajshahi

রবীন্দ্র-উপন্যাস পাঠান্তর : (Record no. 47897)

MARC details
000 -LEADER
fixed length control field 01128nam a2200241 a 4500
001 - CONTROL NUMBER
control field 47897
003 - CONTROL NUMBER IDENTIFIER
rucl marc code BD-RjUL
005 - DATE AND TIME OF LATEST TRANSACTION
control field 20211209054422.0
008 - FIXED-LENGTH DATA ELEMENTS--GENERAL INFORMATION
fixed length control field 160810s1998 ii |||| ||| 000 0 ben d
020 ## - INTERNATIONAL STANDARD BOOK NUMBER
International Standard Book Number 8176160253
Terms of availability : Tk. 60.00
035 ## - SYSTEM CONTROL NUMBER
System control number (BD-RjUL)48016
040 ## - CATALOGING SOURCE
Original cataloging agency BD-RjUL
Language of cataloging ben
Transcribing agency BD-RjUL
Modifying agency BD-RjUL
041 ## - LANGUAGE CODE
Language code of text/sound track or separate title ben
082 ## - DEWEY DECIMAL CLASSIFICATION NUMBER
Edition number 23
Classification number 891.44309
Author mark and year PAR 1998
100 10 - MAIN ENTRY--PERSONAL NAME
Personal name পাল, সুচিত্রা
9 (RLIN) 145375
245 ## - TITLE STATEMENT
Title রবীন্দ্র-উপন্যাস পাঠান্তর :
Remainder of title অন্বেষন ও মূল্যায়ন /
Statement of responsibility, etc. সুচিত্রা পাল ; অমিত্রসূদন ভট্টাচার্য ভূমিকা
260 ## - PUBLICATION, DISTRIBUTION, ETC. (IMPRINT)
Place of publication, distribution, etc. কলকাতা :
Name of publisher, distributor, etc. মডের পাবলিশিং হাউস,
Date of publication, distribution, etc. ১৯৯৮
300 ## - PHYSICAL DESCRIPTION
Pagination ১৫২ পৃ. ;
Size ২১ সেমি.
650 ## - SUBJECT ADDED ENTRY--TOPICAL TERM
Topical term or geographic name as entry element বাংলা উপন্যাস
Chronological subdivision ইতিহাস ও সমালোচনা
9 (RLIN) 145376
Topical term or geographic name as entry element Bengali fiction
General subdivision History and criticism
9 (RLIN) 118845
700 ## - ADDED ENTRY--PERSONAL NAME
Personal name ভট্টাচার্য, অমিত্রসূদন
942 ## - ADDED ENTRY ELEMENTS (KOHA)
Source of classification or shelving scheme Dewey Decimal Classification
Koha item type Books
Holdings
Lost status Source of classification or shelving scheme Damaged status Not for loan Collection code Permanent Location Current Location Shelving location Date acquired Source of acquisition Cost, normal purchase price Total Checkouts Full call number Date last seen Copy number Koha item type
  Dewey Decimal Classification     Fiction Central Library, University of Rajshahi Central Library, University of Rajshahi   09/03/2008 Dhaka, Paragon Enterprises 60.00   B 891.44309 PAR 1998 10/08/2016 C-2 Books
  Dewey Decimal Classification     Fiction Central Library, University of Rajshahi Central Library, University of Rajshahi   09/03/2008 Dhaka, Paragon Enterprises 60.00   B 891.44309 PAR 1998 10/08/2016 C-3 Books
  Dewey Decimal Classification   Not For Loan Fiction Central Library, University of Rajshahi Central Library, University of Rajshahi Reading Room 09/03/2008 Dhaka, Paragon Enterprises 60.00   B 891.44309 PAR 1998 31/01/2017 C-1 Books
  Dewey Decimal Classification     Fiction Central Library, University of Rajshahi Central Library, University of Rajshahi General Stacks 09/03/2008 Paragon Enter prise ltd. 60.00   B 891.44309 PAR 1998 30/03/2022 C-4 Books
  Dewey Decimal Classification     Fiction Central Library, University of Rajshahi Central Library, University of Rajshahi General Stacks 09/03/2008 Dhaka, Paragon Enterprises 60.00   B 891.44309 PAR 1998 03/04/2022 C-5 Books